[Event "Mini-tournoi"]
[Site "Montreal CAN"]
[Date "1980.03.09"]
[Round "2"]
[White "Brossard, Francois"]
[Black "Bolduc, Steve"]
[Result "1-0"]
[WhiteElo "1250"]
[BlackElo "1200"]
[PlyCount "81"]
[GameId "2160767912912061"]
[EventDate "1980.03.09"]
[EventType "swiss"]
[EventRounds "3"]
[EventCountry "CAN"]
[SourceTitle "hb 2011"]

1. e4 c5 2. Nf3 d6 3. c4 Nf6 4. d3 Nc6 5. Be3 g6 6. Qe2 Bg7 7. Na3 O-O 8. g3 a6 9. Rb1 Nb4 10. b3 Bg4 11. Bg2 Qd7 12. O-O Rab8 13. h3 Bxh3 14. Bxh3 Qxh3 15. Ng5 Qd7 16. Kg2 h6 17. Nh3 Kh7 18. Rh1 Rh8 19. Qd2 Ng4 20. d4 Nxe3+ 21. fxe3 Qc6 22. Nf2 Qb6 23. Nd3 Nxd3 24. Qxd3 cxd4 25. Nc2 dxe3 26. Nxe3 Qa5 27. Rbc1 Qxa2+ 28. Rc2 Qa5 29. Rf2 Kg8 30. Qd5 Qxd5 31. Nxd5 e6 32. Ne7+ Kf8 33. Nxg6+ Kg8 34. Nxh8 Bxh8 35. Rxh6 b5 36. c5 dxc5 37. Rd2 Bd4 38. Rh5 a5 39. Rd1 b4 40. Rdh1 Ra8 41. Rh8+ 1-0

[Event "Mini-tournoi"]
[Site "Montreal CAN"]
[Date "1980.03.09"]
[Round "3"]
[White "Bolduc, Steve"]
[Black "Vojvodic, Zoran"]
[Result "1-0"]
[WhiteElo "1200"]
[BlackElo "1308"]
[PlyCount "95"]
[GameId "2160767912912062"]
[EventDate "1980.03.09"]
[EventType "swiss"]
[EventRounds "3"]
[EventCountry "CAN"]
[SourceTitle "hb 2011"]

1. e4 c5 2. Nf3 d6 3. d4 cxd4 4. Nxd4 Nf6 5. Nc3 a6 6. Be2 e5 7. Nb3 Be7 8. Bg5 Nbd7 9. Qd2 b5 10. a3 Bb7 11. f3 O-O 12. O-O Rc8 13. Kh1 Qc7 14. Rfd1 Rfd8 15. Rac1 Nc5 16. Bxf6 Bxf6 17. Nd5 Bxd5 18. Qxd5 Qb7 19. Qd2 Nxb3 20. cxb3 h6 21. Rxc8 Qxc8 22. Rc1 Qb7 23. Qd5 Qxd5 24. exd5 e4 25. Rc6 exf3 26. Bxf3 a5 27. Rb6 Bxb2 28. Rxb5 Rc8 29. Kg1 Bxa3 30. Rxa5 Rc1+ 31. Kf2 Bc5+ 32. Ke2 Re1+ 33. Kxe1 Bb4+ 34. Ke2 Bxa5 35. Kd3 Kf8 36. Kc4 Ke8 37. Kb5 Bc7 38. Kc6 Kd8 39. Kb7 Ba5 40. Be2 Bb4 41. Kc6 Kc8 42. Kb5 Bc5 43. b4 Ba7 44. Kc6 g5 45. g4 Bb8 46. b5 Kd8 47. b6 Kc8 48. Bd3 1-0

[Event "Montreal op"]
[Site "Montreal CAN"]
[Date "1979.09.01"]
[Round "1"]
[White "Corbin, Michel"]
[Black "Bolduc, Steve"]
[Result "0-1"]
[WhiteElo "1091"]
[BlackElo "1200"]
[PlyCount "64"]
[GameId "2160767912912549"]
[EventDate "1979.09.01"]
[EventType "swiss"]
[EventRounds "6"]
[EventCountry "CAN"]
[SourceTitle "hb 2011"]

1. e4 e5 2. Nf3 Nc6 3. Nc3 Bc5 4. Be2 Nf6 5. O-O O-O 6. d3 d6 7. Bg5 Be6 8. Na4 Bb6 9. Nxb6 axb6 10. d4 Bxa2 11. dxe5 Nxe5 12. Nxe5 dxe5 13. Qxd8 Rfxd8 14. Bxf6 gxf6 15. b3 Rd2 16. Bd1 c5 17. c4 b5 18. cxb5 Rad8 19. Re1 c4 20. bxc4 Bxc4 21. Rb1 Ra2 22. Bb3 Bxb3 23. Rxb3 Rdd2 24. Rf1 Re2 25. Re3 Reb2 26. Rf3 Kg7 27. b6 Rxb6 28. Rf5 Rb4 29. f3 Rbb2 30. f4 Rxg2+ 31. Kh1 Rxh2+ 32. Kg1 Rag2# 0-1

[Event "Montreal op"]
[Site "Montreal CAN"]
[Date "1979.09.02"]
[Round "3"]
[White "Urbanski, Christopher"]
[Black "Bolduc, Steve"]
[Result "1-0"]
[WhiteElo "1260"]
[BlackElo "1200"]
[PlyCount "67"]
[GameId "2160767912912561"]
[EventDate "1979.09.01"]
[EventType "swiss"]
[EventRounds "6"]
[EventCountry "CAN"]
[SourceTitle "hb 2011"]

1. e4 c5 2. Nf3 Nc6 3. Nc3 d6 4. Bb5 a6 5. Bc4 Nf6 6. a3 Bg4 7. Be2 g6 8. O-O Bg7 9. d3 e6 10. Be3 Qc7 11. Qd2 h6 12. Rab1 a5 13. Nb5 Qe7 14. h3 Bxf3 15. Bxf3 Ne5 16. Be2 g5 17. d4 Ng6 18. e5 Nd5 19. exd6 Qd8 20. dxc5 O-O 21. Bf3 Nxe3 22. Qxe3 Ne5 23. Bxb7 Rb8 24. c6 Nc4 25. Qe2 Nxd6 26. c7 Qe7 27. cxb8=Q Rxb8 28. Nxd6 Qxd6 29. Rfd1 Qf4 30. Rd7 Be5 31. g3 Qf5 32. Rbd1 h5 33. Qxh5 Bxb2 34. Rd8+ 1-0

[Event "Montreal op"]
[Site "Montreal CAN"]
[Date "1979.09.02"]
[Round "4"]
[White "Sandor, Zoltan"]
[Black "Bolduc, Steve"]
[Result "1-0"]
[WhiteElo "1250"]
[BlackElo "1200"]
[PlyCount "72"]
[GameId "2160767912912567"]
[EventDate "1979.09.01"]
[EventType "swiss"]
[EventRounds "6"]
[EventCountry "CAN"]
[SourceTitle "hb 2011"]

1. e4 e6 2. d4 d5 3. f3 f6 4. Bd3 Nc6 5. Ne2 Bd6 6. O-O Nge7 7. Be3 Ng6 8. c3 Bd7 9. Na3 a6 10. Rc1 b5 11. Qc2 O-O 12. exd5 Nce7 13. Bf2 exd5 14. Ng3 Bxg3 15. Bxg3 Qc8 16. Rce1 Re8 17. Re3 Be6 18. Rfe1 Kf7 19. Rxe6 Qd7 20. Nb1 Nf8 21. R6e3 g6 22. Qe2 Nf5 23. Rxe8 Rxe8 24. Qxe8+ Qxe8 25. Rxe8 Kxe8 26. Bxc7 Ne3 27. Nd2 Nd1 28. Bd6 Nd7 29. Ba3 Nb6 30. g3 Kf7 31. Kf1 Ne3+ 32. Ke2 Nec4 33. Nxc4 bxc4 34. Bc2 a5 35. b3 cxb3 36. Bxb3 Na8 1-0

[Event "Montreal op"]
[Site "Montreal CAN"]
[Date "1979.09.03"]
[Round "5"]
[White "Rochon, Paul"]
[Black "Bolduc, Steve"]
[Result "1/2-1/2"]
[WhiteElo "1269"]
[BlackElo "1200"]
[PlyCount "74"]
[GameId "2160767912912571"]
[EventDate "1979.09.01"]
[EventType "swiss"]
[EventRounds "6"]
[EventCountry "CAN"]
[SourceTitle "hb 2011"]

1. e4 e5 2. Nf3 Nc6 3. Nc3 d6 4. a3 Nf6 5. h3 Be7 6. Bc4 O-O 7. d3 Nd4 8. Be3 c5 9. O-O Bd7 10. a4 Qc8 11. Nb5 Bxh3 12. Nh2 Bg4 13. f3 Bh5 14. Nxd4 cxd4 15. Bd2 a6 16. Rf2 Ne8 17. b4 Kh8 18. c3 f5 19. cxd4 exd4 20. Bd5 fxe4 21. Bxe4 Bh4 22. Rf1 Qd7 23. Qb3 Nf6 24. Bd5 Nxd5 25. Qxd5 Bf7 26. Qxd4 Bf6 27. Qf2 Bxa1 28. Rxa1 Rac8 29. Qd4 Rc2 30. Bc3 Bg6 31. Rf1 Re8 32. Ng4 Ree2 33. Kh1 Rxg2 34. Re1 Rge2 35. Rd1 Qf7 36. Kg1 Qc7 37. Qf4 Kg8 1/2-1/2

[Event "Montreal op"]
[Site "Montreal CAN"]
[Date "1979.09.03"]
[Round "6"]
[White "Bolduc, Steve"]
[Black "Belanger, Marc Andre"]
[Result "1-0"]
[WhiteElo "1200"]
[BlackElo "1079"]
[PlyCount "39"]
[GameId "2160767912912576"]
[EventDate "1979.09.01"]
[EventType "swiss"]
[EventRounds "6"]
[EventCountry "CAN"]
[SourceTitle "EXT 2022"]
[Source "ChessBase"]
[SourceDate "2021.10.06"]
[SourceVersion "1"]
[SourceVersionDate "2021.10.06"]
[SourceQuality "1"]

1. e4 c5 2. Nf3 d6 3. d4 cxd4 4. Nxd4 Nf6 5. Nc3 e5 6. Nf3 Nc6 7. Bg5 Be7 8. Qd2 Be6 9. Be2 a6 10. O-O O-O 11. Nh4 Qc7 12. f4 h6 13. Bxh6 Qb6+ 14. Kh1 Qd4 15. Bd3 Nxe4 16. Nxe4 Bxh4 17. f5 Rfe8 18. Bxg7 Bxf5 19. Qh6 Bh7 20. Nf6+ 1-0